<?xml version="1.0" encoding="UTF-8"?>
<collection xmlns="http://www.loc.gov/MARC21/slim">
 <record>
  <leader>03052nas a22003851  4500</leader>
  <controlfield tag="001">1/50120</controlfield>
  <controlfield tag="008">020613c19      gr brzp           g0gre d</controlfield>
  <datafield tag="035" ind1=" " ind2=" ">
   <subfield code="l">3052</subfield>
  </datafield>
  <datafield tag="040" ind1=" " ind2=" ">
   <subfield code="a">GR-PeUP</subfield>
  </datafield>
  <datafield tag="090" ind1=" " ind2=" ">
   <subfield code="a">Αλφαβητική σειρά</subfield>
  </datafield>
  <datafield tag="245" ind1="0" ind2="0">
   <subfield code="a">Ελληνορθόδοξος Βυζαντινός Πολιτισμός</subfield>
  </datafield>
  <datafield tag="260" ind1=" " ind2=" ">
   <subfield code="a">Αθήνα :</subfield>
   <subfield code="b">Offset Δερβή Α.Ε.Β.Ε.,</subfield>
   <subfield code="c">1999-</subfield>
  </datafield>
  <datafield tag="300" ind1=" " ind2=" ">
   <subfield code="a">τ. :</subfield>
   <subfield code="b">εικ.</subfield>
   <subfield code="c">28 εκ.</subfield>
  </datafield>
  <datafield tag="310" ind1=" " ind2=" ">
   <subfield code="a">Τριμηνιαίο</subfield>
  </datafield>
  <datafield tag="362" ind1="0" ind2=" ">
   <subfield code="a">Τομ.Α', τχ.1(Ιαν./Φεβρ.)1999-τ.Δ΄, Τχ.3(Ιούλ./Σεπτ. 2002)</subfield>
  </datafield>
  <datafield tag="362" ind1="0" ind2=" ">
   <subfield code="a">Τομ.Ε΄, τχ.1(Ιαν./Μάρτ. 2003)-τ.Ε΄ ,τχ.4(Οκτ./Δεκ. 2003)</subfield>
  </datafield>
  <datafield tag="650" ind1=" " ind2="4">
   <subfield code="a">Θρησκεία</subfield>
   <subfield code="v">Περιοδικά.</subfield>
  </datafield>
  <datafield tag="650" ind1=" " ind2="4">
   <subfield code="a">Ορθοδοξία</subfield>
   <subfield code="v">Περιοδικά.</subfield>
  </datafield>
  <datafield tag="650" ind1=" " ind2="4">
   <subfield code="a">Βυζαντινός πολιτισμός</subfield>
   <subfield code="v">Περιοδικά.</subfield>
  </datafield>
  <datafield tag="852" ind1=" " ind2=" ">
   <subfield code="a">INST</subfield>
   <subfield code="b">UNIPILB</subfield>
   <subfield code="c">SERIALS</subfield>
   <subfield code="e">20050202</subfield>
   <subfield code="h">Αλφαβητική σειρά</subfield>
   <subfield code="p">39509</subfield>
   <subfield code="q">39509</subfield>
   <subfield code="t">NOLOAN</subfield>
   <subfield code="v">τομ.6;τεύχ.2:(Μήνες)Απρ./Μάιος/Ιούν.;(Έτος)2004</subfield>
   <subfield code="y">23</subfield>
  </datafield>
  <datafield tag="852" ind1=" " ind2=" ">
   <subfield code="a">INST</subfield>
   <subfield code="b">UNIPILB</subfield>
   <subfield code="c">SERIALS</subfield>
   <subfield code="e">20050202</subfield>
   <subfield code="h">Αλφαβητική σειρά</subfield>
   <subfield code="p">39510</subfield>
   <subfield code="q">39510</subfield>
   <subfield code="t">NOLOAN</subfield>
   <subfield code="v">τομ.6;τεύχ.3:(Μήνες)Ιούλ./Αύγ./Σεπ.;(Έτος)2004</subfield>
   <subfield code="y">23</subfield>
  </datafield>
  <datafield tag="852" ind1=" " ind2=" ">
   <subfield code="a">INST</subfield>
   <subfield code="b">UNIPILB</subfield>
   <subfield code="c">SERIALS</subfield>
   <subfield code="e">20050203</subfield>
   <subfield code="h">Αλφαβητική σειρά</subfield>
   <subfield code="p">39516</subfield>
   <subfield code="q">39516</subfield>
   <subfield code="t">NOLOAN</subfield>
   <subfield code="v">τομ.6;τεύχ.4:(Μήνες)Οκτ./Νοέμ./Δεκ.;(Έτος)2004</subfield>
   <subfield code="y">23</subfield>
  </datafield>
  <datafield tag="852" ind1=" " ind2=" ">
   <subfield code="a">INST</subfield>
   <subfield code="b">UNIPILB</subfield>
   <subfield code="c">SERIALS</subfield>
   <subfield code="e">20050203</subfield>
   <subfield code="h">Αλφαβητική σειρά</subfield>
   <subfield code="p">39633</subfield>
   <subfield code="q">39633</subfield>
   <subfield code="t">NOLOAN</subfield>
   <subfield code="v">τομ.6;τεύχ.1:(Μήνες)Ιαν./Φεβ./Μάρ.;(Έτος)2004</subfield>
   <subfield code="y">23</subfield>
  </datafield>
  <datafield tag="852" ind1=" " ind2=" ">
   <subfield code="a">INST</subfield>
   <subfield code="b">UNIPILB</subfield>
   <subfield code="c">SERIALS</subfield>
   <subfield code="e">20050524</subfield>
   <subfield code="h">Αλφαβητική σειρά</subfield>
   <subfield code="p">43524</subfield>
   <subfield code="q">43524</subfield>
   <subfield code="t">NOLOAN</subfield>
   <subfield code="v">τομ.7;τεύχ.1:(Μήνες)Ιαν./Φεβ./Μάρ.;(Έτος)2005</subfield>
   <subfield code="y">23</subfield>
  </datafield>
  <datafield tag="852" ind1=" " ind2=" ">
   <subfield code="a">INST</subfield>
   <subfield code="b">UNIPILB</subfield>
   <subfield code="c">SERIALS</subfield>
   <subfield code="e">20050826</subfield>
   <subfield code="h">Αλφαβητική σειρά</subfield>
   <subfield code="p">45578</subfield>
   <subfield code="q">45578</subfield>
   <subfield code="t">NOLOAN</subfield>
   <subfield code="v">τομ.7;τεύχ.2:(Μήνες)Απρ./Μάιος/Ιούν.;(Έτος)2005</subfield>
   <subfield code="y">23</subfield>
  </datafield>
  <datafield tag="852" ind1=" " ind2=" ">
   <subfield code="a">INST</subfield>
   <subfield code="b">UNIPILB</subfield>
   <subfield code="c">SERIALS</subfield>
   <subfield code="e">20051111</subfield>
   <subfield code="h">Αλφαβητική σειρά</subfield>
   <subfield code="p">48262</subfield>
   <subfield code="q">48262</subfield>
   <subfield code="t">NOLOAN</subfield>
   <subfield code="v">τομ.7;τεύχ.3:(Μήνες)Ιούλ./Αύγ./Σεπ.;(Έτος)2005</subfield>
   <subfield code="y">23</subfield>
  </datafield>
  <datafield tag="852" ind1=" " ind2=" ">
   <subfield code="a">INST</subfield>
   <subfield code="b">UNIPILB</subfield>
   <subfield code="c">SERIALS</subfield>
   <subfield code="e">20060517</subfield>
   <subfield code="h">Αλφαβητική σειρά</subfield>
   <subfield code="p">51495</subfield>
   <subfield code="q">51495</subfield>
   <subfield code="t">NOLOAN</subfield>
   <subfield code="v">τομ.7;τεύχ.4:(Μήνες)Οκτ./Νοέμ./Δεκ.;(Έτος)2005</subfield>
   <subfield code="y">23</subfield>
  </datafield>
  <datafield tag="900" ind1=" " ind2=" ">
   <subfield code="a">Τομ. 8 τχ. 1 (Ιαν./Φεβ./Μάρ. 2006)</subfield>
   <subfield code="b">Οφειλόμενο</subfield>
   <subfield code="c">29/10/2006</subfield>
  </datafield>
  <datafield tag="950" ind1=" " ind2=" ">
   <subfield code="a">01/01/2004</subfield>
   <subfield code="c">ΔΩΡΕΑ ΠΕΡΙΟΔΙΚΩΝ</subfield>
   <subfield code="d">229</subfield>
  </datafield>
  <datafield tag="951" ind1=" " ind2=" ">
   <subfield code="a">Τομ. 7 τχ. 1 (Ιαν./Φεβ./Μάρ. 2005) - Τομ. 7 τχ. 4 (Οκτ./Νοέμ./Δεκ. 2005)</subfield>
   <subfield code="b">Main run</subfield>
  </datafield>
  <datafield tag="951" ind1=" " ind2=" ">
   <subfield code="a">Τομ.Α', τχ.1(Ιαν./Φεβρ.)1999-τ.Δ΄, Τχ.3(Ιούλ./Σεπτ. 2002)</subfield>
   <subfield code="b">Main run</subfield>
  </datafield>
  <datafield tag="951" ind1=" " ind2=" ">
   <subfield code="a">Τομ.Ε΄, τχ.1(Ιαν./Μάρτ. 2003)-τ.Ε΄ ,τχ.4(Οκτ./Δεκ. 2003)</subfield>
   <subfield code="b">Main run</subfield>
  </datafield>
  <datafield tag="951" ind1=" " ind2=" ">
   <subfield code="a">Τομ. 6 τχ. 1  (Ιαν./Φεβ./Μάρ. 2004)</subfield>
   <subfield code="b">Main run</subfield>
  </datafield>
  <datafield tag="951" ind1=" " ind2=" ">
   <subfield code="a">Τομ. 6 τχ. 2 (Απρ./Μάιος/Ιούν. 2004) - Τομ. 6 τχ. 4 (Οκτ./Νοέμ./Δεκ. 2004)</subfield>
   <subfield code="b">Main run</subfield>
  </datafield>
  <datafield tag="952" ind1=" " ind2=" ">
   <subfield code="a">Γ΄(4)2001</subfield>
  </datafield>
 </record>
</collection>
